| 000 | 01063nam a2200313Ia 4500 | ||
|---|---|---|---|
| 003 | OSt | ||
| 005 | 20221007123904.0 | ||
| 006 | a|||||r|||| 00| 0 | ||
| 007 | ta | ||
| 008 | 221006b |||||||| |||| 00| 0 eng d | ||
| 020 |
_a9789812561558 (pbk) _cRs.2419 |
||
| 024 | _a80891 | ||
| 037 |
_b760, 17/03/2008, Educational Book Agency (India) _cTextual |
||
| 040 |
_aCDL _cCDL _beng |
||
| 041 |
_2eng _aeng |
||
| 082 | _aCN2, N4;P6 Carc | ||
| 100 |
_aPlischke Michael _9713774 |
||
| 245 | 0 |
_aEquilibrium statistical physics _b Bergersen Birger |
|
| 250 | _a3 | ||
| 260 |
_aNew _bJersey World Scientific _c2006 |
||
| 300 |
_axvi,620p. _ccm. |
||
| 500 | _aAppendix A 569-582p; Bibliography 583-602p; Index 603-620p | ||
| 650 |
_a Critical phenomena _9713775 |
||
| 650 |
_a Statistical physics _9713592 |
||
| 650 | _aChemistry | ||
| 700 |
_a Bergersen Birger _9718086 |
||
| 942 |
_hCN2, N4;P6 Carc _cTEXL _2CC |
||
| 999 |
_c1212610 _d1212610 |
||